| 000 -LEADER |
| fixed length control field |
00555 a2200217 4500 |
| 003 - CONTROL NUMBER IDENTIFIER |
| control field |
OSt |
| 005 - DATE AND TIME OF LATEST TRANSACTION |
| control field |
20221022153356.0 |
| 008 - FIXED-LENGTH DATA ELEMENTS--GENERAL INFORMATION |
| fixed length control field |
221022b ||||| |||| 00| 0 eng d |
| 020 ## - INTERNATIONAL STANDARD BOOK NUMBER |
| International Standard Book Number |
9780070077911 |
| 040 ## - CATALOGING SOURCE |
| Transcribing agency |
IMU-KC |
| 041 ## - LANGUAGE CODE |
| Language code of text/sound track or separate title |
eng |
| 082 ## - DEWEY DECIMAL CLASSIFICATION NUMBER |
| Classification number |
629.892 |
| Item number |
D2861 |
| 100 ## - MAIN ENTRY--PERSONAL NAME |
| Personal name |
Deb, S. R. |
| 245 ## - TITLE STATEMENT |
| Title |
Robotics technology and flexible automation / |
| Statement of responsibility, etc. |
S.R. Deb, and S. Deb |
| 250 ## - EDITION STATEMENT |
| Edition statement |
2nd ed. |
| 260 ## - PUBLICATION, DISTRIBUTION, ETC. |
| Place of publication, distribution, etc. |
Delhi: |
| Name of publisher, distributor, etc. |
McGraw Hill, |
| Date of publication, distribution, etc. |
2016. |
| 300 ## - PHYSICAL DESCRIPTION |
| Extent |
xx, 552 p. |
| 650 #0 - SUBJECT ADDED ENTRY--TOPICAL TERM |
| 9 (RLIN) |
5334 |
| Topical term or geographic name entry element |
Robotics Technology |
| 700 ## - ADDED ENTRY--PERSONAL NAME |
| 9 (RLIN) |
5335 |
| Personal name |
Deb, S. |
| 942 ## - ADDED ENTRY ELEMENTS (KOHA) |
| Source of classification or shelving scheme |
|
| Koha item type |
Books |